MARC

LEADER 00000nam0a2200000 4500
001 369629
005 20231102012212.0
035 |a (RuTPU)RU\TPU\retro\27015 
090 |a 369629 
100 |a 20220527d1979 m y0rusy50 ca 
101 0 |a rus 
102 |a RU 
105 |a a j 001zy 
200 1 |a Механика сплошной среды в примерах и задачах  |e учебное пособие  |f Уральский государственный университет им. А. М. Горького ; сост. В. П. Прокопьев [и др.] ; под ред. П. Е. Суетин 
210 |a Свердловск  |c Изд-во Урал. ун-та  |d 1979 
215 |a 108 с.  |c ил. 
320 |a Библиогр.: с. 106-107 
606 1 |a Механика сплошных сред  |2 stltpush  |3 (RuTPU)RU\TPU\subj\43578  |9 63063 
610 1 |a учебные пособия 
610 1 |a примеры 
610 1 |a задачи 
610 1 |a тензорный анализ 
610 1 |a деформации 
610 1 |a скорость 
610 1 |a ускорение 
610 1 |a тензор напряжений 
610 1 |a термодинамика 
610 1 |a размерность 
610 1 |a подобие 
675 |a 531/534  |v 4 
702 1 |a Прокопьев  |b В. П.  |4 220 
702 1 |a Нустров  |b В. С.  |4 220 
702 1 |a Гасилов  |b Г. Л.  |4 220 
702 1 |a Суетин  |b П. Е.  |4 340 
712 0 2 |a Уральский государственный университет им. А. М. Горького  |c (Свердловск/Екатеринбург)  |c (1945-2011)  |2 stltpush  |3 (RuTPU)RU\TPU\col\962  |9 23499 
801 1 |a RU  |b 63413507  |c 20220527 
801 2 |a RU  |b 63413507  |c 20230227  |g RCR 
942 |c BK